One Tree Hill - Actors to Characters - Statistics

General Stats
  • This quiz has been taken 231 times
  • The average score is 21 of 28
Answer Stats
Hint Answer % Correct
James Lafferty Nathan Scott
100%
Sophia Bush Brooke Davis-Baker
98%
Bethany Joy Lenz Haley James-Scott
98%
Chad Michael Murray Lucas Scott
98%
Hilarie Burton Peyton Scott/Sawyer
98%
Paul Johansson Dan Scott
95%
Moira Kelly Karen Roe
94%
Barabara Alyn Woods Deborah Lee
92%
Antwon Tanner Skills Taylor
92%
Lee Norris Marvin McFadden
91%
Craig Sheffer Keith Scott
90%
Barry Corbin Brian Durham
84%
Jackson Brundage James Lucas Scott
81%
Austin Nichols Julian Baker
79%
Jana Kramer Alex Dupré
78%
Stephen Colletti Chase Adams
77%
Tyler Hilton Chris Keller
77%
Robert Buckley Clayton Evans
77%
Shantel VanSanten Quinn Evans
77%
Lisa Goldstein Millicent McFadden/Huxtable
75%
Danneel Ackles Rachel Gatina
74%
Bryan Greenberg Jake Jagielski
55%
Vaughn Wilson Fergie Thompson
47%
Cullen Moss Junk Moretti
47%
Emmanuelle Vaugier Nicki
35%
Colin Fickes Jimmy Edwards
34%
Michael Trucco Cooper Lee
31%
Sheryl Lee Ellie Harp
29%
No matching quizzes found
Score Distribution
Percent of People with Each Score
Percentile by Number Answered
Your Score History
You have not taken this quiz